|
|
|
|
| LEADER |
00000nta a2200000 i 4500 |
| 001 |
dolg4443 |
| 005 |
20200918093044.0 |
| 008 |
151211suuuu hu om 000 hun d |
| 040 |
|
|
|a BGE Dolgozattár Repozitórium
|b hun
|
| 041 |
|
|
|a hu
|
| 100 |
1 |
|
|a Sütő-Nagy Zsuzsanna
|
| 245 |
1 |
0 |
|a Egy fiktív budapesti újhullámos cukrászda marketing terve
|c Sütő-Nagy Zsuzsanna
|h [elektronikus dokumentum]
|
| 695 |
|
|
|a marketing terv
|
| 695 |
|
|
|a újhullámos cukrászda
|
| 700 |
1 |
|
|a Brávácz Dr. Ibolya
|e ths
|
| 856 |
4 |
0 |
|u http://dolgozattar.uni-bge.hu/4443/1/S%C3%BCt%C5%91-Nagy_Zsuzsanna_D7DFPO_Egy_fikt%C3%ADv_budapesti_%C3%BAjhull%C3%A1mos_cukr%C3%A1szda_marketing_terve.pdf
|z Dokumentum-elérés
|